• 首页
  • 本馆介绍
  • 公告通知
  • 最新文献
  • 馆藏检索
  • 电子资源
  • 读者导购
  • 参考咨询
  • 我的图书馆
  • 登录
  • 详细信息显示
  • 放入我的书架
  • 预约/预借图书
  • 作者相关作品
  • 分类相关作品
  • 丛书相关作品
  • 出版社相关作品

书目信息

  • 表格格式
  • 工作单格式
  • 卡片格式
题名:
马克思主义和语言学问题
    
 
作者: 斯大林 著 ;中共中央马克思恩格斯列宁斯大林著作编译局 译
分册:  
出版信息: 北京   人民出版社  1971.10
页数: 44页
开本: 20cm
丛书名:
单 册:
中图分类: A328
科图分类:
主题词: 斯大林著作--单行本
电子资源:
ISBN:
000 00721nam0 2200205 45
001 0181023590
005 20060227113106.39
010    @dCNY0.14
091    @a1001.624
100    @a20810111d km y0chiy0120 ea
101 0  @achi@crus
200 1  @a马克思主义和语言学问题@AMA KE SI ZHU YI HE YU YAN XUE WEN TI@f斯大林著@FSi Da Lin Zhu@g中共中央马克思恩格斯列宁斯大林著作编译局译
210    @a北京@c人民出版社@d1971.10
215    @a44页@d20cm
606 0  @a斯大林著作@x单行本
690    @aA328@v3
701  0 @a斯大林@4著
712 02 @a中共中央马克思恩格斯列宁斯大林著作编译局@AZhong Gong Zhong Yang Ma Ke Si En Ge Si Lie Ning Si Da Lin Zhu Zuo Bian Yi Ju@4译
801    @aCN@bTSTC@c20060227
905    @dA328@e2:5007@f1@b65830
    
    马克思主义和语言学问题/斯大林著/中共中央马克思恩格斯列宁斯大林著作编译局译.-北京:人民出版社,1971.10
    44页;20cm
    
    
    ISBN :CNY0.14
    
●
相关链接 在E读中查询图书 在五车中查询图书 在当当中查询图书 在豆瓣中查询图书


正题名:马克思主义和语言学问题     索取号:A328/2:5007         预约/预借

序号 登录号 条形码 馆藏地/架位号 状态 备注
1 0065821   000950670   第一借阅区/ [索取号:A328/2:5007] 在馆    
2 0065822   000950698   第一借阅区/ [索取号:A328/2:5007] 在馆    
3 0065823   000950643   第一样本阅览室/ [索取号:A328/2:5007] 在馆    
4 0065824   000950607   第一借阅区/ [索取号:A328/2:5007] 在馆    
5 0065825   000950714   第一借阅区/ [索取号:A328/2:5007] 在馆    
6 0065826   001799619   密集书库/ [索取号:A328/2:5007] 在馆    
7 0065827   202199192   密集书库/ [索取号:A328/2:5007] 在馆    
8 0065828   000950705   第一借阅区/ [索取号:A328/2:5007] 在馆    
9 0065829   000950661   第一借阅区/ [索取号:A328/2:5007] 在馆    
10 0065830   001715987   密集书库/ [索取号:A328/2:5007] 在馆    
唐山师范学院图书馆 欢迎您!
大连网信软件有限公司© 版权所有